000 00432ntaaa2200181 4500
003 01
005 20251027201754.0
008 0714s1973 ag 01
040 _aAR-BaBN
_bspa
_cAR-BaBN
_eaacr
_dRIC
082 _a241.0000 J49
100 _aJessop, T.E.
_914433
245 _aThe christian morality
250 _a1 ed.
260 _aLondon :
_bEpworth Press,
_cc1960
300 _a116 p
650 _aética cristiana
942 _cBK
999 _c12406
_d12406